El mercado de trabajo: análisis y políticas
Tallennettuna:
| Päätekijät: | , |
|---|---|
| Aineistotyyppi: | Kirja |
| Kieli: | espanja |
| Julkaistu: |
Madrid
Akal
2004
|
| Sarja: | Akal Economía Actual, 10
|
| Aiheet: | |
| Tagit: |
Lisää tagi
Ei tageja, Lisää ensimmäinen tagi!
|
MARC
| LEADER | 00000nam a2200000 a 4500 | ||
|---|---|---|---|
| 001 | UCK4187 | ||
| 003 | CL-VaPUC | ||
| 008 | 050527e20040000SP |||||||||||||||||spa|d | ||
| 020 | |a 8446016427 | ||
| 082 | 0 | 4 | |a 331.1 |b PAL |2 21 |
| 100 | |a Palacio Morena, Juan Ignacio |e autor |9 492656 | ||
| 700 | 0 | |a Alvarez Aledo, Carlos |e author |9 492657 | |
| 245 | 1 | 3 | |a El mercado de trabajo: análisis y políticas |
| 300 | |a 343 p | ||
| 942 | |c BK | ||
| 945 | |d 20050527 00:00:00 |a cmena | ||
| 260 | |a Madrid |b Akal |c 2004 | ||
| 650 | 0 | |a Mercado laboral |9 375911 | |
| 650 | 0 | |a Relaciones laborales |9 335971 | |
| 650 | 0 | |a Desempleo |9 257579 | |
| 650 | 0 | |a Política gubernamental |9 262286 | |
| 650 | 0 | |a Trabajo y empleo |9 315054 | |
| 650 | 0 | |a Competitividad |9 308495 | |
| 583 | |a last modification |c 20050527 00:00:00 |k Rodrigo Vera | ||
| 490 | 0 | |a Akal Economía Actual, 10 | |
| 999 | |c 313134 |d 313132 | ||
| 952 | |0 0 |1 0 |4 0 |6 331_100000000000000_PAL_2004 |7 0 |8 A |9 384230 |a BIBDER |b BIBDER |d 2019-11-22 |i 4131401 |o 331.1 PAL 2004 |p 4131401 |r 2023-01-25 |w 2019-11-22 |y BK |k DER | ||